[Event "Deutsche Ländermeisterschaft 2025"]
[Site "Oer-Erkenschwick GER"]
[Date "2025.10.02"]
[Round "3"]
[White "Glotz, Diana"]
[Black "Balazs, Sztella Anna"]
[Result "0-1"]
[Termination "normal"]
[Board "6.7"]
[WhiteElo "1692"]
[BlackElo "1831"]
[WhiteClock "00:16:01"]
[BlackClock "00:34:01"]
[WhiteTeam "Sachsen"]
[BlackTeam "Württemberg"]
[PlyCount "66"]
[WhiteFideId "16278500"]
[BlackFideId "799645"]
[EventCountry "GER"]
[EventRounds "7"]
[EventType "team-swiss"]
[EventDate "2025.09.30"]

1. d4 {[%clk 01:30:47]} {[%emt 00:00:12]} Nf6 {[%clk 01:30:55]} {[%emt
00:00:06]} 2. Nc3 {[%clk 01:30:52]} {[%emt 00:00:25]} d5 {[%clk 01:31:19]}
{[%emt 00:00:06]} 3. Bf4 {[%clk 01:30:45]} e6 {[%clk 01:31:34]} {[%emt
00:00:52]} 4. Nb5 {[%emt 00:00:31]} Na6 {[%clk 01:31:55]} {[%emt 00:00:07]} 5.
e3 {[%clk 01:30:52]} {[%emt 00:00:24]} c6 {[%clk 01:32:10]} {[%emt 00:00:14]}
6. Nc3 {[%clk 01:31:09]} {[%emt 00:00:13]} Nc7 {[%clk 01:32:35]} {[%emt
00:00:06]} 7. Nf3 {[%clk 01:30:24]} {[%emt 00:01:15]} Bd6 {[%clk 01:31:32]}
{[%emt 00:01:32]} 8. Ne5 {[%clk 01:26:35]} {[%emt 00:04:19]} O-O {[%clk
01:27:15]} {[%emt 00:04:48]} 9. Bd3 {[%clk 01:23:40]} {[%emt 00:03:25]} c5
{[%clk 01:25:45]} {[%emt 00:02:00]} 10. O-O {[%clk 01:20:54]} {[%emt 00:03:16]}
c4 {[%clk 01:16:37]} {[%emt 00:09:38]} 11. Be2 {[%clk 01:20:54]} {[%emt
00:00:30]} b5 {[%clk 01:15:31]} {[%emt 00:01:36]} 12. a3 {[%clk 01:12:46]}
{[%emt 00:08:38]} Bb7 {[%clk 01:11:53]} {[%emt 00:04:07]} 13. Nb1 {[%clk
01:02:32]} {[%emt 00:10:45]} h6 {[%clk 00:55:04]} {[%emt 00:17:20]} 14. h3
{[%clk 00:57:43]} {[%emt 00:05:19]} Qe7 {[%clk 00:53:55]} {[%emt 00:01:39]} 15.
b4 {[%clk 00:51:17]} {[%emt 00:06:56]} a5 {[%clk 00:51:26]} {[%emt 00:02:58]}
16. bxa5 {[%clk 00:48:33]} {[%emt 00:03:15]} Rxa5 {[%clk 00:51:49]} {[%emt
00:00:07]} 17. Nf3 {[%clk 00:48:22]} {[%emt 00:00:41]} Bxf4 {[%clk 00:50:57]}
{[%emt 00:01:22]} 18. exf4 {[%emt 00:00:07]} b4 {[%clk 00:51:11]} {[%emt
00:00:15]} 19. Qc1 {[%clk 00:46:14]} {[%emt 00:03:02]} Rfa8 {[%clk 00:51:09]}
{[%emt 00:00:32]} 20. Qb2 {[%clk 00:41:49]} {[%emt 00:04:55]} Bc6 {[%clk
00:50:56]} {[%emt 00:00:43]} 21. Ne5 {[%clk 00:41:35]} {[%emt 00:00:44]} Be8
{[%clk 00:51:09]} {[%emt 00:00:17]} 22. Re1 {[%clk 00:34:48]} {[%emt 00:07:18]}
Nb5 {[%clk 00:37:09]} {[%emt 00:14:30]} 23. Rd1 {[%clk 00:29:51]} {[%emt
00:05:28]} bxa3 {[%clk 00:36:49]} {[%emt 00:00:48]} 24. Nxa3 {[%clk 00:25:28]}
{[%emt 00:04:53]} Rxa3 {[%clk 00:34:50]} {[%emt 00:02:30]} 25. Rxa3 {[%clk
00:23:55]} {[%emt 00:02:03]} Qxa3 {[%clk 00:34:41]} {[%emt 00:00:38]} 26. Qxa3
{[%clk 00:23:58]} {[%emt 00:00:28]} Rxa3 {[%clk 00:34:52]} {[%emt 00:00:19]}
27. Bf3 {[%clk 00:23:44]} {[%emt 00:00:44]} Ra2 {[%clk 00:33:24]} {[%emt
00:01:58]} 28. Rd2 {[%clk 00:21:12]} {[%emt 00:03:01]} c3 {[%clk 00:33:01]}
{[%emt 00:00:53]} 29. Rd3 {[%clk 00:19:20]} {[%emt 00:02:20]} Rxc2 {[%clk
00:33:13]} {[%emt 00:00:20]} 30. Bd1 {[%clk 00:19:07]} {[%emt 00:00:44]} Rc1
{[%clk 00:33:33]} {[%emt 00:00:09]} 31. Kh2 {[%clk 00:19:33]} {[%emt 00:00:05]}
c2 {[%clk 00:33:44]} {[%emt 00:00:19]} 32. Bxc2 {[%clk 00:16:26]} {[%emt
00:03:37]} Rxc2 {[%clk 00:34:08]} {[%emt 00:00:06]} 33. f3 {[%clk 00:16:01]}
{[%emt 00:00:56]} Nh5 {[%clk 00:34:01]} {[%emt 00:00:36]} 0-1

[Event "Deutsche Ländermeisterschaft 2025"]
[Site "Oer-Erkenschwick GER"]
[Date "2025.10.02"]
[Round "3"]
[White "Tu, Tiffany"]
[Black "Lange, Lene Marie"]
[Result "1-0"]
[Termination "normal"]
[Board "6.8"]
[WhiteElo "1707"]
[BlackElo "1600"]
[WhiteClock "00:57:56"]
[BlackClock "00:35:52"]
[WhiteTeam "Württemberg"]
[BlackTeam "Sachsen"]
[PlyCount "68"]
[WhiteFideId "34628576"]
[BlackFideId "34639748"]
[EventCountry "GER"]
[EventRounds "7"]
[EventType "team-swiss"]
[EventDate "2025.09.30"]

1. e4 {[%clk 01:30:57]} {[%emt 00:00:02]} c5 {[%clk 01:30:50]} {[%emt
00:00:11]} 2. Nc3 {[%clk 01:31:03]} {[%emt 00:00:24]} Nc6 {[%clk 01:30:54]}
{[%emt 00:00:26]} 3. Bb5 {[%clk 01:31:23]} {[%emt 00:00:10]} Nd4 {[%clk
01:31:12]} {[%emt 00:00:12]} 4. Nf3 {[%clk 01:31:32]} {[%emt 00:00:21]} Nxb5
{[%clk 01:31:35]} {[%emt 00:00:08]} 5. Nxb5 {[%clk 01:31:56]} {[%emt 00:00:06]}
a6 {[%clk 01:31:38]} {[%emt 00:00:26]} 6. Nc3 {[%clk 01:32:19]} {[%emt
00:00:07]} g6 {[%clk 01:31:26]} {[%emt 00:00:42]} 7. d4 {[%clk 01:32:09]}
{[%emt 00:00:40]} c4 {[%clk 01:30:19]} {[%emt 00:01:37]} 8. a4 {[%clk
01:30:41]} {[%emt 00:01:57]} e6 {[%clk 01:27:53]} {[%emt 00:02:56]} 9. d5
{[%clk 01:25:32]} {[%emt 00:05:40]} Bg7 {[%clk 01:24:13]} {[%emt 00:04:09]} 10.
Bd2 {[%clk 01:22:34]} {[%emt 00:03:27]} exd5 {[%clk 01:23:20]} {[%emt
00:01:24]} 11. exd5 {[%clk 01:22:44]} {[%emt 00:00:20]} Qe7+ {[%clk 01:23:18]}
{[%emt 00:00:32]} 12. Qe2 {[%clk 01:22:16]} {[%emt 00:00:54]} Qxe2+ {[%clk
01:23:12]} {[%emt 00:00:41]} 13. Kxe2 {[%clk 01:22:40]} {[%emt 00:00:06]} d6
{[%clk 01:22:07]} {[%emt 00:01:34]} 14. Bf4 {[%clk 01:21:01]} {[%emt 00:02:08]}
Bxc3 {[%clk 01:20:31]} {[%emt 00:02:07]} 15. bxc3 {[%clk 01:21:28]} {[%emt
00:00:04]} Nf6 {[%clk 01:19:01]} {[%emt 00:01:59]} 16. Rhd1 {[%clk 01:17:48]}
{[%emt 00:04:09]} Ne4 {[%clk 01:17:12]} {[%emt 00:02:19]} 17. Rd4 {[%clk
01:17:08]} {[%emt 00:01:11]} Nf6 {[%clk 01:12:52]} {[%emt 00:04:50]} 18. Bxd6
{[%clk 01:15:04]} {[%emt 00:02:33]} Bf5 {[%clk 01:08:46]} {[%emt 00:04:37]} 19.
Be5 {[%clk 01:12:37]} {[%emt 00:02:56]} Ke7 {[%clk 01:08:59]} {[%emt 00:00:18]}
20. Rxc4 {[%clk 01:12:06]} {[%emt 00:01:02]} Rhc8 {[%clk 01:05:26]} {[%emt
00:04:02]} 21. d6+ {[%clk 01:09:11]} {[%emt 00:03:26]} Ke6 {[%clk 01:03:40]}
{[%emt 00:02:16]} 22. Rxc8 {[%clk 01:08:05]} {[%emt 00:01:36]} Rxc8 {[%clk
01:03:58]} {[%emt 00:00:12]} 23. Rb1 {[%clk 01:05:46]} {[%emt 00:02:46]} Bxc2
{[%clk 01:00:34]} {[%emt 00:03:57]} 24. Rxb7 {[%clk 01:05:55]} {[%emt
00:00:19]} Bxa4 {[%clk 00:59:47]} {[%emt 00:01:18]} 25. Re7+ {[%clk 01:06:07]}
{[%emt 00:00:14]} Kd5 {[%clk 00:57:51]} {[%emt 00:02:29]} 26. Bxf6 {[%clk
01:05:47]} {[%emt 00:00:51]} Kxd6 {[%clk 00:57:45]} {[%emt 00:00:35]} 27. Rxf7
{[%clk 01:02:56]} {[%emt 00:03:15]} Ke6 {[%clk 00:57:34]} {[%emt 00:00:48]} 28.
Ng5+ {[%clk 01:03:17]} {[%emt 00:00:09]} Kd5 {[%clk 00:56:51]} {[%emt
00:01:14]} 29. Ra7 {[%clk 01:02:36]} {[%emt 00:01:08]} Rb8 {[%clk 00:54:47]}
{[%emt 00:02:35]} 30. Re7 {[%clk 00:59:25]} {[%emt 00:03:41]} Rb2+ {[%clk
00:53:51]} {[%emt 00:01:27]} 31. Ke3 {[%clk 00:58:55]} {[%emt 00:00:58]} Bb5
{[%clk 00:49:47]} {[%emt 00:04:37]} 32. c4+ {[%clk 00:57:41]} {[%emt 00:01:44]}
Kd6 {[%clk 00:37:13]} {[%emt 00:13:04]} 33. Ne4+ {[%clk 00:57:50]} {[%emt
00:00:21]} Kc6 {[%clk 00:35:52]} {[%emt 00:01:52]} 34. Bxb2 {[%clk 00:57:56]}
{[%emt 00:00:24]} Kd5 {[%emt 00:00:26]} 1-0

[Event "Deutsche Ländermeisterschaft 2025"]
[Site "Oer-Erkenschwick GER"]
[Date "2025.10.02"]
[Round "3"]
[White "Eilenberg, Jonas"]
[Black "Langer, Paul Georg"]
[Result "1/2-1/2"]
[Termination "normal"]
[Board "7.1"]
[WhiteTitle "FM"]
[WhiteElo "2346"]
[BlackElo "1987"]
[WhiteClock "00:40:08"]
[BlackClock "00:03:32"]
[WhiteTeam "Berlin"]
[BlackTeam "Thüringen"]
[PlyCount "51"]
[WhiteFideId "16204271"]
[BlackFideId "16230051"]
[EventCountry "GER"]
[EventRounds "7"]
[EventType "team-swiss"]
[EventDate "2025.09.30"]

1. d4 {[%clk 01:29:27]} {[%emt 00:00:50]} Nf6 {[%clk 01:30:51]} {[%emt
00:00:16]} 2. c4 {[%clk 01:29:36]} {[%emt 00:00:20]} e6 {[%clk 01:31:08]}
{[%emt 00:00:14]} 3. Nc3 {[%clk 01:29:28]} {[%emt 00:00:38]} Bb4 {[%clk
01:31:27]} {[%emt 00:00:10]} 4. e3 {[%clk 01:28:20]} {[%emt 00:01:37]} O-O
{[%clk 01:31:30]} {[%emt 00:00:28]} 5. Bd3 {[%clk 01:28:37]} {[%emt 00:00:14]}
c5 {[%clk 01:31:28]} {[%emt 00:00:32]} 6. Nge2 {[%clk 01:28:41]} {[%emt
00:00:26]} d5 {[%clk 01:30:54]} {[%emt 00:01:04]} 7. a3 {[%clk 01:25:08]}
{[%emt 00:04:04]} Bxc3+ {[%clk 01:22:57]} {[%emt 00:08:27]} 8. Nxc3 {[%clk
01:25:00]} {[%emt 00:00:36]} cxd4 {[%clk 01:20:42]} {[%emt 00:02:46]} 9. exd4
{[%clk 01:25:28]} {[%emt 00:00:02]} dxc4 {[%clk 01:20:41]} {[%emt 00:00:32]}
10. Bxc4 {[%clk 01:25:56]} {[%emt 00:00:01]} Nc6 {[%clk 01:20:35]} {[%emt
00:00:35]} 11. Be3 {[%clk 01:26:25]} {[%emt 00:00:02]} b6 {[%clk 01:18:14]}
{[%emt 00:02:51]} 12. O-O {[%clk 01:25:51]} {[%emt 00:01:04]} Bb7 {[%clk
01:17:09]} {[%emt 00:01:35]} 13. Bd3 {[%clk 01:24:23]} {[%emt 00:01:58]} h6
{[%clk 01:10:58]} {[%emt 00:06:42]} 14. Qf3 {[%clk 01:19:55]} {[%emt 00:04:58]}
Nd5 {[%clk 00:58:45]} {[%emt 00:12:43]} 15. Nxd5 {[%clk 01:19:39]} {[%emt
00:00:47]} Qxd5 {[%clk 00:58:07]} {[%emt 00:01:08]} 16. Be4 {[%clk 01:19:02]}
{[%emt 00:01:06]} Qd7 {[%clk 00:58:31]} {[%emt 00:00:06]} 17. Rac1 {[%clk
01:10:49]} {[%emt 00:08:42]} Rac8 {[%clk 00:53:31]} {[%emt 00:05:30]} 18. Rcd1
{[%clk 00:50:59]} {[%emt 00:20:21]} f5 {[%clk 00:35:43]} {[%emt 00:18:18]} 19.
Bb1 {[%clk 00:51:01]} {[%emt 00:00:28]} Ne7 {[%clk 00:31:11]} {[%emt 00:05:02]}
20. Qg3 {[%clk 00:50:33]} {[%emt 00:00:58]} Rf6 {[%clk 00:30:57]} {[%emt
00:00:44]} 21. f3 {[%clk 00:48:36]} {[%emt 00:02:26]} Nd5 {[%clk 00:18:30]}
{[%emt 00:12:57]} 22. Bf4 {[%clk 00:48:12]} {[%emt 00:00:55]} Rg6 {[%emt
00:04:49]} 23. Qh4 Qb5 {[%clk 00:13:18]} {[%emt 00:01:22]} 24. Rf2 {[%clk
00:46:58]} {[%emt 00:02:14]} Qb3 {[%clk 00:11:15]} {[%emt 00:02:33]} 25. Re1
{[%clk 00:46:25]} {[%emt 00:01:03]} b5 {[%clk 00:03:32]} {[%emt 00:08:13]} 26.
Be5 {[%clk 00:40:08]} {[%emt 00:06:47]} 1/2-1/2

[Event "Deutsche Ländermeisterschaft 2025"]
[Site "Oer-Erkenschwick GER"]
[Date "2025.10.02"]
[Round "3"]
[White "Sniegowski, Richard"]
[Black "Jahnz, Laurin"]
[Result "0-1"]
[Termination "normal"]
[Board "7.2"]
[BlackTitle "CM"]
[WhiteElo "1854"]
[BlackElo "2220"]
[WhiteClock "00:40:46"]
[BlackClock "00:12:56"]
[WhiteTeam "Thüringen"]
[BlackTeam "Berlin"]
[PlyCount "70"]
[WhiteFideId "34664181"]
[BlackFideId "16261089"]
[EventCountry "GER"]
[EventRounds "7"]
[EventType "team-swiss"]
[EventDate "2025.09.30"]

1. e4 {[%clk 01:30:58]} {[%emt 00:00:02]} c6 {[%clk 01:30:55]} {[%emt
00:00:05]} 2. Nf3 {[%clk 01:31:21]} {[%emt 00:00:07]} d5 {[%clk 01:31:21]}
{[%emt 00:00:04]} 3. d3 {[%clk 01:31:47]} {[%emt 00:00:04]} dxe4 {[%clk
01:30:10]} {[%emt 00:01:40]} 4. dxe4 {[%clk 01:32:11]} {[%emt 00:00:07]} Qxd1+
{[%clk 01:30:28]} {[%emt 00:00:12]} 5. Kxd1 {[%clk 01:32:36]} {[%emt 00:00:05]}
g6 {[%clk 01:30:43]} {[%emt 00:00:16]} 6. a4 {[%clk 01:32:05]} {[%emt
00:01:01]} Bg7 {[%clk 01:27:09]} {[%emt 00:04:03]} 7. Nfd2 {[%clk 01:27:58]}
{[%emt 00:04:37]} Nf6 {[%clk 01:25:55]} {[%emt 00:01:44]} 8. f3 {[%clk
01:28:12]} {[%emt 00:00:16]} Nbd7 {[%clk 01:26:18]} {[%emt 00:00:08]} 9. a5
{[%clk 01:26:58]} {[%emt 00:01:43]} O-O {[%clk 01:23:43]} {[%emt 00:03:06]} 10.
c3 {[%clk 01:26:24]} {[%emt 00:01:04]} Rd8 {[%clk 01:20:18]} {[%emt 00:03:54]}
11. Kc2 {[%clk 01:25:43]} {[%emt 00:01:11]} Rb8 {[%clk 01:12:28]} {[%emt
00:08:20]} 12. Nc4 {[%clk 01:22:20]} {[%emt 00:03:53]} e5 {[%clk 01:06:38]}
{[%emt 00:06:21]} 13. Be3 {[%clk 01:21:37]} {[%emt 00:01:12]} b6 {[%clk
01:01:39]} {[%emt 00:05:29]} 14. axb6 {[%clk 01:21:11]} {[%emt 00:00:56]} axb6
{[%clk 01:02:02]} {[%emt 00:00:07]} 15. Nbd2 {[%clk 01:21:11]} {[%emt
00:00:29]} Bf8 {[%clk 00:43:31]} {[%emt 00:19:02]} 16. Nb3 {[%clk 01:17:03]}
{[%emt 00:04:39]} c5 {[%clk 00:33:24]} {[%emt 00:10:37]} 17. Na3 {[%clk
01:10:41]} {[%emt 00:06:51]} Bb7 {[%clk 00:30:57]} {[%emt 00:02:57]} 18. Bb5
{[%clk 01:09:14]} {[%emt 00:01:57]} Nxe4 {[%clk 00:21:25]} {[%emt 00:10:03]}
19. Bxd7 {[%clk 00:56:32]} {[%emt 00:13:11]} Rxd7 {[%clk 00:21:37]} {[%emt
00:00:18]} 20. Nc4 {[%clk 00:56:32]} {[%emt 00:00:30]} Nf6 {[%clk 00:14:06]}
{[%emt 00:08:01]} 21. Nxb6 {[%clk 00:54:34]} {[%emt 00:02:28]} Rc7 {[%clk
00:14:33]} {[%emt 00:00:03]} 22. Rhd1 {[%clk 00:48:15]} {[%emt 00:06:49]} Kg7
{[%clk 00:13:37]} {[%emt 00:01:26]} 23. Ra5 {[%clk 00:43:25]} {[%emt 00:05:19]}
Bc6 {[%clk 00:11:12]} {[%emt 00:02:55]} 24. Nxc5 {[%clk 00:42:22]} {[%emt
00:01:34]} Rxb6 {[%clk 00:09:45]} {[%emt 00:01:57]} 25. Ne6+ {[%clk 00:42:36]}
{[%emt 00:00:16]} fxe6 {[%clk 00:10:13]} {[%emt 00:00:02]} 26. Bxb6 {[%clk
00:42:58]} {[%emt 00:00:08]} Rb7 {[%clk 00:10:35]} {[%emt 00:00:08]} 27. Bc5
{[%clk 00:39:15]} {[%emt 00:04:13]} Bxc5 {[%clk 00:10:52]} {[%emt 00:00:14]}
28. Rxc5 {[%clk 00:39:32]} {[%emt 00:00:12]} Ba4+ {[%clk 00:11:18]} {[%emt
00:00:04]} 29. Kc1 {[%clk 00:38:59]} {[%emt 00:01:03]} Bxd1 {[%clk 00:11:43]}
{[%emt 00:00:05]} 30. Kxd1 {[%clk 00:39:08]} {[%emt 00:00:20]} Rxb2 {[%clk
00:12:10]} {[%emt 00:00:04]} 31. Rxe5 {[%clk 00:39:28]} {[%emt 00:00:10]} Kf7
{[%clk 00:12:25]} {[%emt 00:00:15]} 32. Re2 {[%clk 00:39:44]} {[%emt 00:00:14]}
Rxe2 {[%clk 00:12:21]} {[%emt 00:00:33]} 33. Kxe2 {[%clk 00:40:09]} {[%emt
00:00:06]} Ke7 {[%clk 00:12:29]} {[%emt 00:00:22]} 34. c4 {[%clk 00:40:24]}
{[%emt 00:00:14]} Kd6 {[%clk 00:12:56]} {[%emt 00:00:03]} 35. Kd3 {[%clk
00:40:46]} {[%emt 00:00:09]} Kc5 {[%emt 00:00:23]} 0-1

[Event "Deutsche Ländermeisterschaft 2025"]
[Site "Oer-Erkenschwick GER"]
[Date "2025.10.02"]
[Round "3"]
[White "Held, Momme Fredrik"]
[Black "Apel, Linus"]
[Result "1/2-1/2"]
[Termination "normal"]
[Board "7.3"]
[WhiteElo "2081"]
[BlackElo "1902"]
[WhiteClock "00:11:06"]
[BlackClock "00:03:02"]
[WhiteTeam "Berlin"]
[BlackTeam "Thüringen"]
[PlyCount "72"]
[WhiteFideId "16237692"]
[BlackFideId "16265785"]
[EventCountry "GER"]
[EventRounds "7"]
[EventType "team-swiss"]
[EventDate "2025.09.30"]

1. c4 {[%clk 01:30:57]} {[%emt 00:00:03]} e5 {[%clk 01:30:52]} {[%emt
00:00:07]} 2. g3 {[%clk 01:31:22]} {[%emt 00:00:05]} Nf6 {[%clk 01:31:17]}
{[%emt 00:00:05]} 3. Bg2 {[%clk 01:31:48]} {[%emt 00:00:05]} c6 {[%clk
01:31:41]} {[%emt 00:00:05]} 4. d4 {[%clk 01:32:14]} {[%emt 00:00:04]} e4
{[%clk 01:32:05]} {[%emt 00:00:07]} 5. a3 {[%clk 01:32:35]} {[%emt 00:00:08]}
d5 {[%clk 01:32:05]} {[%emt 00:00:30]} 6. Nc3 {[%clk 01:32:55]} {[%emt
00:00:10]} h6 {[%clk 01:32:15]} {[%emt 00:00:20]} 7. f3 {[%clk 01:32:46]}
{[%emt 00:00:39]} exf3 {[%clk 01:32:03]} {[%emt 00:00:42]} 8. Nxf3 {[%clk
01:33:06]} {[%emt 00:00:10]} Be6 {[%clk 01:27:29]} {[%emt 00:05:04]} 9. cxd5
{[%clk 01:23:00]} {[%emt 00:10:36]} cxd5 {[%clk 01:18:16]} {[%emt 00:09:43]}
10. O-O {[%clk 01:23:20]} {[%emt 00:00:09]} Nc6 {[%clk 01:15:10]} {[%emt
00:03:38]} 11. e3 {[%clk 01:17:21]} {[%emt 00:06:29]} Bd6 {[%clk 01:14:32]}
{[%emt 00:01:07]} 12. Ne1 {[%clk 01:15:48]} {[%emt 00:02:03]} Bc7 {[%clk
01:11:42]} {[%emt 00:03:20]} 13. Nd3 {[%clk 01:15:20]} {[%emt 00:00:58]} Bb6
{[%clk 01:01:46]} {[%emt 00:10:27]} 14. Nf4 {[%clk 01:07:19]} {[%emt 00:08:31]}
Qd7 {[%clk 01:00:14]} {[%emt 00:02:01]} 15. Kh1 {[%clk 01:02:17]} O-O {[%clk
00:58:24]} {[%emt 00:07:51]} 16. Na4 {[%clk 00:52:57]} Na5 {[%clk 00:53:37]}
{[%emt 00:15:08]} 17. Bd2 {[%clk 00:50:12]} {[%emt 00:03:15]} Bg4 {[%clk
00:46:48]} {[%emt 00:07:20]} 18. Nxb6 {[%clk 00:46:55]} {[%emt 00:03:46]} axb6
{[%clk 00:47:01]} {[%emt 00:00:17]} 19. Qe1 {[%clk 00:32:50]} {[%emt 00:14:35]}
Nb3 {[%clk 00:43:29]} {[%emt 00:04:02]} 20. Ra2 {[%clk 00:32:47]} {[%emt
00:00:33]} Rfe8 {[%clk 00:40:18]} {[%emt 00:03:42]} 21. Bc3 {[%clk 00:28:34]}
{[%emt 00:04:43]} Ne4 {[%clk 00:29:03]} {[%emt 00:11:44]} 22. Nd3 {[%clk
00:28:11]} {[%emt 00:00:52]} f6 {[%clk 00:26:17]} {[%emt 00:03:17]} 23. Nf4
{[%clk 00:25:44]} {[%emt 00:02:57]} g5 {[%clk 00:18:00]} {[%emt 00:08:47]} 24.
Nd3 {[%clk 00:24:30]} {[%emt 00:01:44]} Kg7 {[%clk 00:18:11]} {[%emt 00:00:19]}
25. Nf2 {[%clk 00:23:45]} {[%emt 00:01:14]} Bf5 {[%clk 00:15:23]} {[%emt
00:03:19]} 26. Nxe4 {[%clk 00:23:37]} {[%emt 00:00:38]} Bxe4 {[%clk 00:14:48]}
{[%emt 00:01:06]} 27. Qf2 {[%clk 00:23:52]} {[%emt 00:00:14]} Qc6 {[%clk
00:14:12]} {[%emt 00:01:05]} 28. a4 {[%clk 00:20:04]} {[%emt 00:04:18]} Bxg2+
{[%clk 00:10:42]} {[%emt 00:04:00]} 29. Kxg2 {[%clk 00:20:27]} {[%emt
00:00:08]} Rac8 {[%clk 00:09:22]} {[%emt 00:01:50]} 30. Ra3 {[%clk 00:19:22]}
{[%emt 00:01:34]} Na5 {[%clk 00:09:23]} {[%emt 00:00:29]} 31. Bxa5 {[%clk
00:19:35]} {[%emt 00:00:17]} bxa5 {[%clk 00:09:52]} {[%emt 00:00:02]} 32. Rc3
{[%clk 00:18:25]} {[%emt 00:01:40]} Qe6 {[%clk 00:07:03]} {[%emt 00:03:19]} 33.
Rfc1 {[%clk 00:18:17]} {[%emt 00:00:37]} Rc6 {[%clk 00:04:47]} {[%emt
00:02:47]} 34. Rxc6 {[%clk 00:14:07]} {[%emt 00:04:40]} bxc6 {[%clk 00:05:16]}
35. Rc3 {[%clk 00:12:21]} {[%emt 00:02:17]} Rb8 {[%clk 00:03:42]} {[%emt
00:02:04]} 36. Qc2 {[%clk 00:11:06]} {[%emt 00:01:44]} Rb6 {[%clk 00:03:02]}
{[%emt 00:01:10]} 1/2-1/2

[Event "Deutsche Ländermeisterschaft 2025"]
[Site "Oer-Erkenschwick GER"]
[Date "2025.10.02"]
[Round "3"]
[White "Junge, Mattheo Gabriel"]
[Black "Hoppe, Arthur"]
[Result "1-0"]
[Termination "normal"]
[Board "7.4"]
[WhiteElo "1946"]
[BlackElo "2041"]
[WhiteClock "01:23:26"]
[BlackClock "01:32:30"]
[WhiteTeam "Thüringen"]
[BlackTeam "Berlin"]
[PlyCount "23"]
[WhiteFideId "34605908"]
[BlackFideId "34618910"]
[EventCountry "GER"]
[EventRounds "7"]
[EventType "team-swiss"]
[EventDate "2025.09.30"]

1. e4 {[%clk 01:30:49]} {[%emt 00:00:09]} e6 {[%clk 01:30:58]} {[%emt
00:00:03]} 2. d4 {[%clk 01:31:05]} {[%emt 00:00:14]} d5 {[%clk 01:31:23]}
{[%emt 00:00:05]} 3. e5 {[%clk 01:31:31]} {[%emt 00:00:04]} c5 {[%clk
01:31:51]} {[%emt 00:00:03]} 4. c3 {[%clk 01:31:56]} {[%emt 00:00:04]} Qb6
{[%clk 01:32:19]} {[%emt 00:00:02]} 5. Nf3 {[%clk 01:32:21]} {[%emt 00:00:05]}
Bd7 {[%clk 01:32:47]} {[%emt 00:00:02]} 6. Qb3 {[%clk 01:30:47]} {[%emt
00:02:04]} Nc6 {[%clk 01:32:41]} {[%emt 00:00:36]} 7. dxc5 {[%clk 01:25:21]}
{[%emt 00:05:56]} Bxc5 {[%clk 01:32:59]} {[%emt 00:00:12]} 8. Qxb6 {[%clk
01:25:37]} {[%emt 00:00:14]} Bxb6 {[%clk 01:33:03]} {[%emt 00:00:26]} 9. Na3
{[%clk 01:24:20]} {[%emt 00:01:46]} a6 {[%clk 01:32:06]} {[%emt 00:01:30]} 10.
Nc2 {[%clk 01:23:35]} {[%emt 00:01:12]} Bc7 {[%clk 01:32:04]} {[%emt 00:00:32]}
11. Bf4 {[%clk 01:23:26]} {[%emt 00:00:41]} f6 {[%clk 01:32:30]} {[%emt
00:00:02]} 12. exf6 {[%emt 00:01:05]} 1-0